|
|
|
|
| LEADER |
01403nam a2200397 i 4500 |
| 001 |
001814619 |
| 003 |
CZ BrMZK |
| 005 |
20220614092452.0 |
| 007 |
ta |
| 008 |
220208s1994 xr a e p 000 0 cze |
| 020 |
|
|
|q (Brožováno)
|
| 040 |
|
|
|a BOA001
|b cze
|e rda
|
| 072 |
|
7 |
|a 537.6/.8
|x Magnetismus. Elektromagnetismus
|2 Konspekt
|9 6
|
| 072 |
|
7 |
|a 37.016
|x Učební osnovy. Vyučovací předměty. Učebnice
|2 Konspekt
|9 22
|
| 080 |
|
|
|a 537.8
|2 MRF
|
| 080 |
|
|
|a (075.8)
|2 MRF
|
| 080 |
|
|
|a (076.5)
|2 MRF
|
| 100 |
1 |
|
|a Florian, Jan
|4 aut
|
| 245 |
1 |
0 |
|a Teorie elektromagnetického pole :
|b laboratorní praktika /
|c autoři: Jan Florian, Aleš Hála
|
| 264 |
|
1 |
|a Brno :
|b Vojenská akademie v Brně,
|c 1994
|
| 300 |
|
|
|a 64 stran :
|b ilustrace ;
|c 30 cm
|
| 336 |
|
|
|a text
|b txt
|2 rdacontent
|
| 337 |
|
|
|a bez média
|b n
|2 rdamedia
|
| 338 |
|
|
|a svazek
|b nc
|2 rdacarrier
|
| 500 |
|
|
|a Nad názvem: S-589
|
| 500 |
|
|
|a 100 výtisků
|
| 504 |
|
|
|a Obsahuje bibliografii
|
| 650 |
0 |
7 |
|a elektromagnetické pole
|7 ph119881
|2 czenas
|
| 655 |
|
7 |
|a učebnice vysokých škol
|7 fd133772
|2 czenas
|
| 655 |
|
7 |
|a laboratorní cvičení
|7 fd163936
|2 czenas
|
| 700 |
1 |
|
|a Hála, Aleš
|4 aut
|
| 710 |
2 |
|
|a Vojenská akademie Brno
|7 kn20010709384
|4 isb
|
| 910 |
|
|
|a BOA001
|b 4-1480.558
|
| 990 |
|
|
|a BK
|
| 991 |
|
|
|b 202206
|
| 996 |
6 |
|
|b 2610895355
|c 4-1480.558
|l MZK
|r Sklad / do 1 hodiny
|n 1
|p dar
|w 001878647
|u 000010
|a 1
|e BOA001
|j MZK50
|s P
|